000 01138 a2200349 4500
001 200130733
650 0 _939864
_aDesign
650 0 _939865
_aTasarım
999 _c200130733
_d30344
003 TR-AnTOB
005 20230913171953.0
008 131023s2010 nyu 001 0
020 _a9781847885852 (pbk.)
020 _a9781847885869 (cloth)
040 _aTR-AnTOB
041 _aeng
050 0 0 _aNK1520
_b.D47 2010
090 _aNK1520 .D47 2010
245 0 4 _aThe designed world :
_bimages, objects, environments /
_c[edited by] Victor Margolin, Dennis Doordan, and Richard Buchanan.
264 1 _aOxford ;
_aNew York :
_bBerg Publishers,
_c2010.
300 _axiv, 378 pages :
_billustration ;
_c25 cm.
504 _aIncludes bibliography and index.
505 _aConceptualization -- fabrication -- evaluation.
650 0 _aMimari tasarım
_944932
650 0 _aArchitectural design
_92582
650 0 _aIndustrial design
_921636
650 0 _aEndüstriyel tasarım
_960364
700 1 _aMargolin, Victor,
_d1941-
_993724
700 1 _aBuchanan, Richard
_993725
700 1 _aDoordan, Dennis P.
_993810
942 _cBK